Tài chính Việt Nam-Thực trạng và giải pháp(Giai đoạn 1991-2000) /
I. Bối cảnh kinh tế- tài chính Việt Nam khi bước vào giai đoạn 1991-2000
Đã lưu trong:
| 主要作者: | |
|---|---|
| 格式: | 图书 |
| 语言: | Vietnamese |
| 出版: |
H. :
Tài chính ,
2000
|
| 版: | In lần thứ 1 |
| 主题: | |
| 标签: |
添加标签
没有标签, 成为第一个标记此记录!
|
| Thư viện lưu trữ: | Thư viện Trường CĐ Kỹ Thuật Cao Thắng |
|---|
| LEADER | 01382nam a2200289 a 4500 | ||
|---|---|---|---|
| 001 | TVCDKTCT11271 | ||
| 003 | Thư viện trường Cao đẳng Kỹ thuật Cao Thắng | ||
| 005 | 20170525100407.1 | ||
| 008 | 090827 | ||
| 980 | \ | \ | |a Thư viện Trường CĐ Kỹ Thuật Cao Thắng |
| 024 | |a RG_1 #1 eb0 i1 | ||
| 041 | 0 | # | |a vie |
| 082 | # | # | |a 352.11 / |b T103CH-ng |
| 100 | 1 | # | |a Nguyễn Minh Tân |
| 245 | 0 | 0 | |a Tài chính Việt Nam-Thực trạng và giải pháp(Giai đoạn 1991-2000) / |c Nguyễn Minh Tân |
| 250 | # | # | |a In lần thứ 1 |
| 260 | # | # | |a H. : |b Tài chính , |c 2000 |
| 300 | # | # | |a 150tr. ; |c 21cm |
| 520 | # | # | |a I. Bối cảnh kinh tế- tài chính Việt Nam khi bước vào giai đoạn 1991-2000 |
| 520 | # | # | |a II. Nhiệm vụ, mục tiêu, yêu cầu đổi mới tài chính đặt ra trong giai đoạn 1991-2000 |
| 520 | # | # | |a III. Những giải pháp cơ bản đổi mới tài chính đã được thực hiện trong giai đoạn 1991-2000 |
| 520 | # | # | |a IV. Kết quả đổi mới tài chính giai đoạn 1991-2000 |
| 520 | # | # | |a Nội dung cuốn sách gồm có 4 phần : |
| 650 | # | 4 | |a Tài chính Việt Nam |
| 650 | # | 4 | |a Tài chính--Thực trạng-giải pháp |
| 721 | # | # | |a Kế Toán |
| 841 | # | # | |b Kho Sách |j 100032444, 100032475 |